000 00692nam a2200229 i 4500
001 bg
100 1 _aGrabowski, Stanisław
_d(1940- ).
245 1 0 _aEkonomika gospodarki żywnościowej /
_cStanisław Grabowski.
260 _aWarszawa :
_bWydawnictwa Prywatnej Wyższej Szkoły Businessu i Administracji,
_c1996.
300 _a231 s. :
_bwykr. ;
_c24 cm.
504 _aBibliogr. po rozdz.
650 9 _aGospodarka żywnościowa
650 9 _aRolnictwo
_xekonomika
655 _aPodręczniki akademickie
020 _a8386031530
040 _cBPK
041 0 _apl
080 _a338.43(075.8)
920 _a83-86031-53-0
942 _cKS
008 s pl f |000 0 pol
999 _c25034
_d25034
856 _uhttp://koha.tu.koszalin.pl/cgi-bin/koha/opac-detail.pl?biblionumber=25034
_yKatalog online BPK